[Event "Mlada Boleslav Region-ch"]
[Site "Mlada Boleslav"]
[Date "2015.06.21"]
[Round "7"]
[White "Hanzlik, Adam"]
[Black "Novotna, Tereza"]
[Result "1/2-1/2"]
[WhiteElo "1447"]
[BlackElo "1456"]
[PlyCount "97"]
[EventDate "2015.06.20"]
[EventType "swiss"]
[EventRounds "7"]
[EventCountry "CZE"]
[SourceTitle "EXT 2017"]
[Source "ChessBase"]
[SourceDate "2016.10.25"]
[SourceVersion "1"]
[SourceVersionDate "2016.10.25"]
[SourceQuality "1"]

1. d4 Nf6 2. Nf3 g6 3. g3 Bg7 4. Bg2 0-0 5. 0-0 d6 6. b3 Nbd7 7. Bb2 c5 8. Nbd2 Rb8 9. c4 b5 10. Qc2 bxc4 11. Nxc4 Bb7 12. Rfe1 Be4 13. Qd2 Nb6 14. Nxb6 Qxb6 15. dxc5 Qxc5 16. Rac1 Qd5 17. Qxd5 Nxd5 18. Bxg7 Kxg7 19. Rc4 Rb4 20. Rec1 Rxc4 21. Rxc4 Bf5 22. Nd4 Nb6 23. Nxf5+ gxf5 24. Rc7 e6 25. Rxa7 Rc8 26. Bf3 Kg6 27. Kg2 d5 28. Ra6 Rb8 29. e3 Rb7 30. a4 Nd7 31. Bxd5 Rb8 32. Bc4 Nc5 33. Ra7 Nxb3 34. Bxb3 Rxb3 35. a5 Ra3 36. a6 Kf6 37. Kf3 h6 38. g4 fxg4+ 39. Kxg4 Ra4+ 40. f4 e5 41. Ra8 exf4 42. exf4 Ra5 43. Kh4 h5 44. Kg3 Kf5 45. Rh8 Rxa6 46. Rxh5+ Kg6 47. Kg4 Ra1 48. Rg5+ Kh6 49. h4 1/2-1/2

[Event "Mlada Boleslav Region-ch"]
[Site "Mlada Boleslav"]
[Date "2015.06.20"]
[Round "2"]
[White "Blaha, Martin1111"]
[Black "Hanzlik, Adam"]
[Result "0-1"]
[WhiteElo "1228"]
[BlackElo "1447"]
[PlyCount "24"]
[EventDate "2015.06.20"]
[EventType "swiss"]
[EventRounds "7"]
[EventCountry "CZE"]
[SourceTitle "EXT 2017"]
[Source "ChessBase"]
[SourceDate "2016.10.25"]
[SourceVersion "1"]
[SourceVersionDate "2016.10.25"]
[SourceQuality "1"]

1. e4 d6 2. d4 Nf6 3. Nc3 g6 4. Bg5 Bg7 5. Nf3 0-0 6. Bc4 Bg4 7. h3 Bxf3 8. Qxf3 Nc6 9. Rd1 Nd7 10. 0-0 Nxd4 11. Qd3 Ne5 12. Qd2 Ndf3+ 0-1

[Event "Mlada Boleslav Region-ch U20"]
[Site "Mlada Boleslav"]
[Date "2014.06.22"]
[Round "5"]
[White "Hanzlik, Adam"]
[Black "Kucera, Jan3333"]
[Result "1-0"]
[WhiteElo "1465"]
[BlackElo "1324"]
[PlyCount "75"]
[EventDate "2014.06.21"]
[EventType "swiss"]
[EventRounds "7"]
[EventCountry "CZE"]
[SourceTitle "EXT 2016"]
[Source "ChessBase"]
[SourceDate "2015.10.08"]
[SourceVersion "1"]
[SourceVersionDate "2015.10.08"]
[SourceQuality "1"]

1. d4 d5 2. Nf3 Nc6 3. e3 a6 4. c4 e6 5. Nc3 Nf6 6. a3 Be7 7. Be2 Rb8 8. b4 Bd7 9. 0-0 0-0 10. Bd2 Na7 11. Ne5 Be8 12. f4 Nc6 13. Nxc6 Bxc6 14. b5 axb5 15. cxb5 Bd7 16. a4 Re8 17. Qb3 c6 18. b6 c5 19. a5 c4 20. Qb2 Qc8 21. Bd1 Bc6 22. Ba4 Qd7 23. Bxc6 Qxc6 24. Qb5 Qxb5 25. Nxb5 Ne4 26. Nc7 Rec8 27. Bc1 Nd6 28. Ba3 Nf5 29. Bxe7 Nxe7 30. Rfb1 Nf5 31. Kf2 Nd6 32. a6 bxa6 33. Nxa6 Rb7 34. Nc5 Ne4+ 35. Nxe4 dxe4 36. Ra7 Rxa7 37. bxa7 c3 38. Rb8 1-0

[Event "Mlada Boleslav Region-ch U20"]
[Site "Mlada Boleslav"]
[Date "2014.06.21"]
[Round "4"]
[White "Gabrielova, Marketa"]
[Black "Hanzlik, Adam"]
[Result "1/2-1/2"]
[WhiteElo "1223"]
[BlackElo "1465"]
[PlyCount "80"]
[EventDate "2014.06.21"]
[EventType "swiss"]
[EventRounds "7"]
[EventCountry "CZE"]
[SourceTitle "EXT 2016"]
[Source "ChessBase"]
[SourceDate "2015.10.08"]
[SourceVersion "1"]
[SourceVersionDate "2015.10.08"]
[SourceQuality "1"]

1. e4 d6 2. d4 Nf6 3. Nc3 g6 4. Bc4 Bg7 5. Bg5 0-0 6. Nf3 Nxe4 7. Nxe4 d5 8. Bxd5 Qxd5 9. Nc3 Qe6+ 10. Ne2 h6 11. Bh4 Qc6 12. Nc3 Bg4 13. h3 Bxf3 14. Qxf3 Qxf3 15. gxf3 c6 16. 0-0-0 g5 17. Bg3 f5 18. f4 g4 19. hxg4 fxg4 20. Rdg1 Nd7 21. Bh4 a6 22. Rxg4 Nf6 23. Rg2 Kh7 24. f5 Ng8 25. Ne4 Rxf5 26. Ng5+ Kh8 27. Ne6 Rf7 28. Rhg1 Bf6 29. Rh1 Kh7 30. Ng5+ Bxg5+ 31. Bxg5 Rg7 32. Rg3 Rf8 33. f4 Rg6 34. Re3 Kg7 35. Bxe7 Re8 36. Rhe1 Kf7 37. Bc5 Rxe3 38. Rxe3 b6 39. Bb4 Rg4 40. Bd2 a5 1/2-1/2

[Event "Mlada Boleslav Region-ch U20"]
[Site "Mlada Boleslav"]
[Date "2014.06.21"]
[Round "1"]
[White "Hanzlik, Adam"]
[Black "Bazantova, Viktorie"]
[Result "1-0"]
[WhiteElo "1465"]
[BlackElo "1191"]
[PlyCount "51"]
[EventDate "2014.06.21"]
[EventType "swiss"]
[EventRounds "7"]
[EventCountry "CZE"]
[SourceTitle "EXT 2016"]
[Source "ChessBase"]
[SourceDate "2015.10.08"]
[SourceVersion "1"]
[SourceVersionDate "2015.10.08"]
[SourceQuality "1"]

1. d4 d5 2. Nf3 Bf5 3. Bf4 Nf6 4. e3 Ne4 5. c4 e6 6. Nc3 Nxc3 7. bxc3 Nc6 8. Qb3 Na5 9. Qa4+ c6 10. c5 b6 11. Ne5 Qc8 12. Nxc6 Nxc6 13. Bb5 e5 14. Bxc6+ Bd7 15. Bxd7+ Qxd7 16. c6 Qf5 17. c7+ Ke7 18. Bxe5 f6 19. Qc6 Rc8 20. Qd6+ Kf7 21. Qxd5+ Kg6 22. e4 Qg5 23. h4 Qxg2 24. h5+ Kg5 25. Bg3+ Kg4 26. Qf5# 1-0

[Event "Mlada Boleslav Region-ch U20"]
[Site "Mlada Boleslav"]
[Date "2014.06.21"]
[Round "3"]
[White "Hanzlik, Adam"]
[Black "Varadi, Ondrej"]
[Result "1/2-1/2"]
[WhiteElo "1465"]
[BlackElo "1547"]
[PlyCount "31"]
[EventDate "2014.06.21"]
[EventType "swiss"]
[EventRounds "7"]
[EventCountry "CZE"]
[SourceTitle "EXT 2016"]
[Source "ChessBase"]
[SourceDate "2015.10.08"]
[SourceVersion "1"]
[SourceVersionDate "2015.10.08"]
[SourceQuality "1"]

1. d4 d5 2. Nf3 Nf6 3. Bf4 Bf5 4. e3 e6 5. c4 c5 6. Nc3 Nc6 7. Qb3 Qd7 8. cxd5 Nxd5 9. Nxd5 exd5 10. Bb5 c4 11. Qa4 a6 12. Ne5 Qc8 13. Bxc6+ bxc6 14. Qxc6+ Qxc6 15. Nxc6 f6 16. h3 1/2-1/2

[Event "Mlada Boleslav Region-ch U20"]
[Site "Mlada Boleslav"]
[Date "2013.06.22"]
[Round "4"]
[White "Vrbova, Eva"]
[Black "Hanzlik, Adam"]
[Result "1/2-1/2"]
[WhiteElo "1483"]
[BlackElo "1396"]
[PlyCount "36"]
[EventDate "2013.06.22"]
[EventType "swiss"]
[EventRounds "7"]
[EventCountry "CZE"]
[SourceTitle "EXT 2015"]
[Source "ChessBase"]
[SourceDate "2014.11.20"]
[SourceVersion "1"]
[SourceVersionDate "2014.11.20"]
[SourceQuality "1"]

1. e4 d6 2. d4 Nf6 3. Nc3 g6 4. Nf3 Bg7 5. Bc4 0-0 6. 0-0 Nxe4 7. Nxe4 d5 8. Bd3 dxe4 9. Bxe4 Qd6 10. c3 Nc6 11. h3 b6 12. Ne5 Bb7 13. Nxc6 Bxc6 14. Re1 e6 15. Bxc6 Qxc6 16. Bf4 Rad8 17. Qc2 Rfe8 18. Rad1 Qb7 1/2-1/2